Southville International School and Colleges
Your cart is empty.
  • Cart
  • Lists
    Public lists Eva Luna New books Lux_list list_1
    Your lists Log in to create your own lists
  • Log in to your account
  • Your cookies
  • Search history
Southville International School and Colleges
  • Advanced search
  • Recent comments
  • Most popular
  • Libraries

Log in to your account

Log in with GOOGLE


If you do not have an external account, but do have a local account, you can still log in:

  1. Home
  2. MARC view: Positive sibling relationship of students with OCW parents /
Normal view MARC view ISBD view

Positive sibling relationship of students with OCW parents / (Record no. 98494)

[ view plain ]
MARC details
000 -LEADER
fixed length control field 00693nam a2200193 a 4500
003 - CONTROL NUMBER IDENTIFIER
control field 0
005 - DATE AND TIME OF LATEST TRANSACTION
control field 20250224110652.0
008 - FIXED-LENGTH DATA ELEMENTS--GENERAL INFORMATION
fixed length control field 101112s19uu xx 00 eng d
050 ## - LIBRARY OF CONGRESS CALL NUMBER
Classification number PHS HQ 748
Item number .Og9 2010
100 ## - MAIN ENTRY--PERSONAL NAME
Personal name Oguro, Yuta.
245 ## - TITLE STATEMENT
Title Positive sibling relationship of students with OCW parents /
Statement of responsibility, etc Yuta Oguro.
260 ## - PUBLICATION, DISTRIBUTION, ETC. (IMPRINT)
Place of publication, distribution, etc Las Piñas City, Philippines :
Name of publisher, distributor, etc Southville International School and Colleges,
Date of publication, distribution, etc 2010.
300 ## - PHYSICAL DESCRIPTION
Extent 21 pages ;
Dimensions 30 cm.
504 ## - BIBLIOGRAPHY, ETC. NOTE
Bibliography, etc Includes bibliographical references.
650 ## - SUBJECT ADDED ENTRY--TOPICAL TERM
Topical term or geographic name as entry element Siblings
General subdivision Psychology.
650 ## - SUBJECT ADDED ENTRY--TOPICAL TERM
Topical term or geographic name as entry element Family relationships
General subdivision Children of migrant workers.
650 ## - SUBJECT ADDED ENTRY--TOPICAL TERM
Topical term or geographic name as entry element Overseas Filipino Workers
General subdivision Family relationships.
942 ## - ADDED ENTRY ELEMENTS (KOHA)
Source of classification or shelving scheme Library of Congress Classification
Koha item type PASS
Holdings
Withdrawn status Lost status Source of classification or shelving scheme Damaged status Home library Current library Shelving location Date acquired Source of acquisition Total Checkouts Full call number Barcode Date last seen Price effective from Koha item type
    Library of Congress Classification   Luxembourg Library Luxembourg Library Portfolio Assessment of SISC Students Section 11/12/2010 Donation   PHS HQ 748 .Og9 2010 P2594 04/08/2014 04/08/2014 PASS

Positive sibling relationship of students with OCW parents /

APA

Oguro Y., . (2010). Positive sibling relationship of students with OCW parents. Las Piñas City, Philippines: Southville International School and Colleges.

Chicago

Oguro Yuta, . 2010. Positive sibling relationship of students with OCW parents. Las Piñas City, Philippines: Southville International School and Colleges.

Harvard

Oguro Y., . (2010). Positive sibling relationship of students with OCW parents. Las Piñas City, Philippines: Southville International School and Colleges.

MLA

Oguro Yuta, . Positive sibling relationship of students with OCW parents. Las Piñas City, Philippines: Southville International School and Colleges. 2010.

  • Print
  • Cite
  • Add to your cart (remove)
  • Save record
    BIBTEX Dublin Core MARCXML MARC (non-Unicode/MARC-8) MARC (Unicode/UTF-8) MARC (Unicode/UTF-8, Standard) MODS (XML) RIS
  • More searches
    Search for this title in:
    Other Libraries (WorldCat) Other Databases (Google Scholar) Online Stores (Bookfinder.com) Open Library (openlibrary.org)

Exporting to Dublin Core...

SOUTHVILLE LIBRARY

Southville International School and Colleges Library

1281 Tropical Ave. Cor. Luxembourg St., BF Homes International, Las Pinas City

Tel. No. 8256374 / 252358 Loc. 117/146

Powered by Koha